Building Strong Brands (Record no. 9671)

MARC details
000 -LEADER
fixed length control field 00366nam a2200157Ia 4500
008 - FIXED-LENGTH DATA ELEMENTS--GENERAL INFORMATION
fixed length control field 221030s9999 xx 000 0 und d
020 ## - INTERNATIONAL STANDARD BOOK NUMBER
ISBN 0743232135
041 ## - LANGUAGE CODE
Language code of text/sound track or separate title
082 ## - DEWEY DECIMAL CLASSIFICATION NUMBER
Classification number 105.23
100 ## - MAIN ENTRY--AUTHOR NAME
Personal name D. A. Aaker
245 #0 - TITLE STATEMENT
Title Building Strong Brands
Statement of responsibility, etc by D. A. Aaker
260 ## - PUBLICATION, DISTRIBUTION, ETC. (IMPRINT)
Name of publisher Free Press
Place of publication UK
Year of publication 2010
300 ## - PHYSICAL DESCRIPTION
Number of Pages 380
650 ## - SUBJECT ADDED ENTRY--TOPICAL TERM
Topical Term Management
942 ## - ADDED ENTRY ELEMENTS (KOHA)
Koha item type Books
Holdings
Accession Number Cost, normal purchase price Bill Date Full call number Source of acquisition Price effective from Koha item type Withdrawn / writtenoff status Materials specified (bound volume or other part) Damaged status Not for loan Permanent Location Current Location Shelving location Date acquired Lost/ Missing status department
MBA 1842 1191.00 631 105.23 Zigma, Jammu 10/30/2022 Books   Print   Not For Loan MIET Library, Jammu MIET Library, Jammu BL-Academic Block B, FL-1, CUP-137, SH-4, R-4 11/25/2011   MBA
MBA 1843 1191.00 631 105.23 Zigma, Jammu 10/30/2022 Books   Print     MIET Library, Jammu MIET Library, Jammu BL-Academic Block B, FL-1, CUP-172, SH-3, R-3 11/25/2011   MBA
MBA 1845 1191.00 631 105.23 Zigma, Jammu 10/30/2022 Books   Print     MIET Library, Jammu MIET Library, Jammu BL-Academic Block B, FL-1, CUP-172, SH-3, R-3 11/25/2011   MBA
MBA 1846 1191.00 631 105.23 Zigma, Jammu 10/30/2022 Books   Print     MIET Library, Jammu MIET Library, Jammu BL-Academic Block B, FL-1, CUP-172, SH-3, R-3 11/25/2011   MBA